[Event "Benidorm Bali op-B 20th"]
[Site "Benidorm"]
[Date "2023.12.02"]
[Round "2"]
[White "Westerweele, Henrik"]
[Black "Asensio Ramon, Ismael"]
[Result "1-0"]
[WhiteElo "1958"]
[BlackElo "1763"]
[PlyCount "119"]
[EventDate "2023.12.01"]
[EventType "swiss"]
[EventRounds "9"]
[EventCountry "ESP"]
[SourceTitle "CB51_2023"]
[SourceDate "2023.12.20"]
[SourceVersion "1"]
[SourceVersionDate "2023.12.20"]
[SourceQuality "1"]

1. e4 c5 2. c3 d5 3. exd5 Qxd5 4. d4 e6 5. Nf3 Nc6 6. Bd3 Nf6 7. 0-0 cxd4 8. cxd4 Bb4 9. Nc3 Bxc3 10. bxc3 0-0 11. Re1 h6 12. Bf4 Qd8 13. Qd2 Re8 14. Bxh6 gxh6 15. Qxh6 Ng4 16. Bh7+ Kh8 17. Qh3 Nf6 18. Ng5 Kg7 19. Qg3 Kf8 20. Bc2 b6 21. Rad1 Ba6 22. d5 Nxd5 23. c4 Bxc4 24. Nh7+ Ke7 25. Qh4+ Kd7 26. Qxc4 Rc8 27. Ba4 Rh8 28. Rxd5+ exd5 29. Qxd5+ Kc7 30. Qxc6+ Kb8 31. Qe4 Qd6 32. g3 Rc5 33. h4 f5 34. Qe7 Qd4 35. Nf6 Rc7 36. Bd7 Rhc8 37. Qe5 Qxe5 38. Rxe5 Rf8 39. Re8+ Rxe8 40. Bxe8 Re7 41. Ba4 a6 42. Nd5 Rb7 43. h5 b5 44. Bc2 Rh7 45. Nf4 Rf7 46. Ne6 Rh7 47. Bd1 Re7 48. Bb3 Rh7 49. Nf4 a5 50. Be6 b4 51. Bxf5 Rh8 52. g4 a4 53. Bc2 b3 54. Bxb3 axb3 55. axb3 Kc7 56. g5 Kd6 57. Kg2 Rg8 58. Ng6 Ke6 59. Kg3 Kd5 60. Kh3 1-0